000 00424nam a22001817a 4500
003 MPLRDC
005 20220104143131.0
008 210129b ||||| |||| 00| 0 eng d
020 _a962-04-0818-7
082 _a091 WHQ
100 _a王红旗著
245 _a神奇的八卦文化与游戏
_c
250 _a一版一刷
260 _a
_b南粤出版社
_c1990
300 _b
650 _a
942 _cBK
_o091 WHQ
999 _c36953
_d36943